Liste des Pokémon serpents - Statistiques

Statistiques générales
  • Ce quiz a été pris 31 fois
  • Le résultat moyen est 12 sur 24
Statistiques - réponses
N° Pokédex Pokémon % Correct
#0023 Abo
96%
#0336 Séviper
96%
#0024 Arbok
92%
#0148 Draco
65%
#0843 Dunaja
65%
#0497 Majaspic
65%
#0147 Minidraco
62%
#0844 Dunaconda
58%
#0384 Rayquaza
58%
#0495 Vipélierre
58%
#0496 Lianaja
54%
#0206 Insolourdo
50%
#0982 Deusolourdo
46%
#0718 Zygarde (Forme 50%)
46%
#0130 Léviator
42%
#0095 Onix
42%
#0208 Steelix
38%
#0487 Giratina (Forme Originelle)
35%
#0780 Draïeul
31%
#0350 Milobellus
27%
#1008 Miraidon
27%
#0890 Éthernatos
23%
#0885 Fantyrm
19%
#0642 Fulguris (Forme Totémique)
19%
Aucun quiz correspondant
Distribution des résultats
% des personnes avec chaque résultat
Percentile par nombre de réponses
Votre historique - résultats
Vous n’avez pas pris ce quiz